| 000 | 00592nam a22001935i 4500 | ||
|---|---|---|---|
| 001 | 53409 | ||
| 003 | ES-MaACL | ||
| 005 | 20250819063042.0 | ||
| 007 | t| | ||
| 008 | 950925s1815 sp ||||1| lat d | ||
| 040 |
_aCAM _bspa _cCAM |
||
| 100 | 0 |
_aEsopo _947736 |
|
| 245 | 1 | 0 |
_aAesopi... et aliorum fabulae... _b: iconibus in gratiam studiosae juventutis ilustratae... |
| 260 |
_aMatriti : _b[s.n.], _c1815 ( _fPetrum Lopez & Fratrem) |
||
| 300 |
_a324, [12] p. : _bil. ; _c14 cm. |
||
| 740 | 0 | _aFabulae. | |
| 852 |
_x _aBA _jR-2295 Olim: G-869 |
||
| 999 |
_c53409 _d53409 |
||